LEADER 02768nam 2200589 450 001 9910464427403321 005 20200520144314.0 010 $a0-253-01174-4 035 $a(CKB)3710000000088718 035 $a(EBL)1636924 035 $a(SSID)ssj0001111734 035 $a(PQKBManifestationID)11731265 035 $a(PQKBTitleCode)TC0001111734 035 $a(PQKBWorkID)11157112 035 $a(PQKB)10561394 035 $a(MiAaPQ)EBC1636924 035 $a(OCoLC)870951085 035 $a(MdBmJHUP)muse34942 035 $a(Au-PeEL)EBL1636924 035 $a(CaPaEBR)ebr10838720 035 $a(CaONFJC)MIL577029 035 $a(EXLCZ)993710000000088718 100 $a20140305h20142014 uy 0 101 0 $aeng 135 $aur|n|---||||| 181 $ctxt 182 $cc 183 $acr 200 10$aDarwin's On the origin of species $ea modern rendition /$fDaniel Duzdevich ; with a foreword by Olivia Judson 210 1$aBloomington, Indiana :$cIndiana University Press,$d2014. 210 4$dİ2014 215 $a1 online resource (348 p.) 300 $aIncludes index. 311 $a0-253-01166-3 320 $aIncludes bibliographical references and index. 327 $aVariation under domestication -- Variation in nature -- The struggle for existence -- Natural selection -- Variation -- Difficulties with the theory -- Instinct -- Hybrids -- The imperfection of the geological record -- The succession of organisms in the geological record -- The geographical distribution of life -- The geographical distribution of life, continued -- Affinities between organisms: morphology, embryology, and rudimentary organs -- Summary and conclusion. 330 $aCharles Darwin's most famous book On the Origin of Species is without question, one of the most important books ever written. While even the grandest works of Victorian English can prove difficult to modern readers, Darwin wrote his text in haste and under intense pressure. For an era in which Darwin is more talked about than read, Daniel Duzdevich offers a clear, modern English rendering of Darwin's first edition. Neither an abridgement nor a summary, this version might best be described as a ""translation"" for contemporary English readers. A monument to reasoned insight, the Origin illus 606 $aEvolution (Biology) 606 $aNatural selection 608 $aElectronic books. 615 0$aEvolution (Biology) 615 0$aNatural selection. 676 $a576.8/2 700 $aDuzdevich$b Daniel$0935500 701 $aJudson$b Olivia$0935501 801 0$bMiAaPQ 801 1$bMiAaPQ 801 2$bMiAaPQ 906 $aBOOK 912 $a9910464427403321 996 $aDarwin's On the origin of species$92107233 997 $aUNINA LEADER 01272oam 2200421zu 450 001 996218712803316 005 20210807001430.0 010 $a1-4244-6359-9 035 $a(CKB)2670000000054090 035 $a(SSID)ssj0000452011 035 $a(PQKBManifestationID)12211848 035 $a(PQKBTitleCode)TC0000452011 035 $a(PQKBWorkID)10464200 035 $a(PQKB)10025491 035 $a(NjHacI)992670000000054090 035 $a(EXLCZ)992670000000054090 100 $a20160829d2010 uy 101 0 $aeng 135 $aur||||||||||| 181 $ctxt 182 $cc 183 $acr 200 10$a2010 IEEE 2nd Symposium on Web Society 210 31$a[Place of publication not identified]$cI E E E$d2010 215 $a1 online resource (748 pages) 300 $aBibliographic Level Mode of Issuance: Monograph 311 $a1-4244-6356-4 606 $aWorld Wide Web$xSocial aspects$vCongresses 606 $aInternet$xSocial aspects$vCongresses 615 0$aWorld Wide Web$xSocial aspects 615 0$aInternet$xSocial aspects 676 $a303.4833 702 $aIEEE Staff 801 0$bPQKB 906 $aPROCEEDING 912 $a996218712803316 996 $a2010 IEEE 2nd Symposium on Web Society$92504547 997 $aUNISA